| 000 | 01305cam a2200205 4500 | ||
|---|---|---|---|
| 001 | WB3901-39 | ||
| 008 | 021223n2002 000 0 eng u | ||
| 035 | _a(Sirsi) u120877 | ||
| 245 | _aGreen light for new Red Book | ||
| 260 | _c2002 | ||
| 490 |
_aRICS Valuation Faculty Update _vJanuary 2003, 1 |
||
| 490 |
_aRICS Valuation Faculty News _v19 December 2002, (2) |
||
| 520 | _aRICS Valuation Faculty have completed a review of the Red Book which will be implemented in May 2003. Entitled 'RICS appraisal and valuation standards' the handbook reduces the size of the standards and makes them available online, reflects on the increasing international status of RICS and adopts and supports international valuation standards as well as clarifying worldwide standards and those specific to practice in a particular state and clarifies between Practice Statements (PS) and Guidance Notes (GN). New valuation requirements also include independence and objectivity www.rics.org/ricscms/bin/show?class=News&template=/includes/shownews.html&id=4498&faculty=Valuation&faculty=All%20Faculties | ||
| 590 | _aWB | ||
| 650 | _aRICS APPRAISAL AND VALUATION MANUAL | ||
| 650 | _aRED BOOK AMENDMENTS | ||
| 650 | _aINTERNATIONAL STANDARDS | ||
| 690 | _aPROPERTY-PROPERTY APPRAISAL AND VALUATION | ||
| 942 | _n0 | ||
| 999 |
_c71848 _d71848 |
||